Statistics for Столицы стран мира

Click here to take the quiz!

General Stats

  • This quiz has been taken 3 089 times
    (1 485 since last reset)
  • The average score is 75 of 196

Answer Stats

СтранаСтолица% Correct
РоссияМосква
90%
УкраинаКиев
85%
ГерманияБерлин
83%
ФранцияПариж
83%
СШАВашингтон
83%
КазахстанАстана
81%
КитайПекин
80%
БеларусьМинск
79%
ВеликобританияЛондон
78%
ГрецияАфины
78%
ТурцияАнкара
78%
ИталияРим
78%
ПольшаВаршава
76%
БразилияБразилиа
76%
ИспанияМадрид
76%
ЯпонияТокио
76%
ОАЭАбу-Даби
75%
ВатиканВатикан
73%
АзербайджанБаку
70%
НидерландыАмстердам
70%
ЧехияПрага
69%
АвстрияВена
69%
ЕгипетКаир
69%
НорвегияОсло
68%
АрменияЕреван
68%
Южная КореяСеул
68%
МексикаМехико
67%
ПортугалияЛиссабон
66%
ЛюксембургЛюксембург
65%
АлжирАлжир
65%
КанадаОттава
65%
МонакоМонако
64%
ИндияНью-Дели
64%
БельгияБрюссель
63%
ВенгрияБудапешт
63%
ШвейцарияБерн
62%
БолгарияСофия
62%
ДанияКопенгаген
62%
СербияБелград
62%
ЛатвияРига
62%
Северная КореяПхеньян
61%
ЛитваВильнюс
61%
РумынияБухарест
60%
ИзраильИерусалим
59%
ГрузияТбилиси
59%
ИрландияДублин
59%
ШвецияСтокгольм
58%
МолдавияКишинёв
58%
АвстралияКанберра
58%
ФинляндияХельсинки
58%
ЭстонияТаллин
57%
КиргизияБишкек
57%
УзбекистанТашкент
56%
Сан-МариноСан-Марино
54%
СингапурСингапур
54%
ТаиландБангкок
54%
АргентинаБуэнос-Айрес
53%
ИракБагдад
53%
ИранТегеран
52%
СловакияБратислава
52%
ИсландияРейкьявик
52%
ТаджикистанДушанбе
51%
ХорватияЗагреб
51%
МонголияУлан-Батор
51%
ИндонезияДжакарта
49%
СловенияЛюбляна
49%
АфганистанКабул
48%
ПанамаПанама
47%
ТуркменистанАшхабад
47%
ТунисТунис
46%
Босния и ГерцеговинаСараево
46%
СирияДамаск
46%
МадагаскарАнтананариву
45%
ПакистанИсламабад
44%
ЧерногорияПодгорица
43%
АндорраАндорра-ла-Велья
43%
КубаГавана
42%
АлбанияТирана
41%
КатарДоха
41%
ЛихтенштейнВадуц
41%
Новая ЗеландияВеллингтон
40%
ЧилиСантьяго
40%
ФилиппиныМанила
40%
Саудовская АравияЭр-Рияд
39%
ПеруЛима
38%
ВенесуэлаКаракас
38%
БангладешДакка
38%
УругвайМонтевидео
38%
МальтаВалетта
38%
МалайзияКуала-Лумпур
36%
ЭфиопияАддис-Абеба
36%
ИорданияАмман
36%
Северная МакедонияСкопье
36%
НепалКатманду
36%
ГватемалаГватемала
36%
ВьетнамХаной
36%
ЛиванБейрут
35%
КолумбияБогота
35%
Гвинея-БисауБисау
34%
ДжибутиДжибути
34%
КипрНикосия
34%
ЭквадорКито
33%
НигерияАбуджа
32%
МальдивыМале
32%
МароккоРабат
31%
ПарагвайАсунсьон
31%
СенегалДакар
29%
СальвадорСан-Сальвадор
29%
ЯмайкаКингстон
29%
КамбоджаПномпень
28%
КувейтЭль-Кувейт
28%
ГанаАккра
27%
ОманМаскат
27%
ЮАРПретория
27%
ЙеменСана
27%
КонгоБраззавиль
26%
Сейшельские островаВиктория
26%
БоливияСукре
26%
КенияНайроби
26%
ЛивияТриполи
26%
ЛаосВьентьян
26%
Сан-Томе и ПринсипиСан-Томе
25%
Коста-РикаСан-Хосе
25%
СомалиМогадишо
25%
НикарагуаМанагуа
24%
БелизБельмопан
24%
ГайанаДжорджтаун
24%
БахрейнМанама
24%
ТанзанияДодома
23%
АнголаЛуанда
23%
Конго (Дем. Република)Киншаса
23%
БарбадосБриджтаун
22%
Восточный ТиморДили
22%
ДоминикаРозо
21%
Шри-ЛанкаШри-Джаяварденепура-Котте
21%
СуринамПарамарибо
21%
МалиБамако
21%
Сент-Винсент и ГренадиныКингстаун
21%
СамоаАпиа
20%
ЭритреяАсмэра
20%
Тринидад и ТобагоПорт-оф-Спейн
20%
ПалестинаРамалла
20%
Доминиканская РеспубликаСанто-Доминго
19%
ГаитиПорт-о-Пренс
19%
Багамские островаНассау
19%
ЦАРБанги
19%
ТогоЛоме
19%
ТайваньТайпей
19%
ГондурасТегусигальпа
18%
КамерунЯунде
18%
МаврикийПорт-Луи
18%
МьянмаНейпьидо
18%
ЧадНджамена
18%
Папуа - Новая ГвинеяПорт-Морсби
17%
НамибияВиндхук
17%
БотсванаГабороне
17%
БутанТхимпху
17%
БенинПорто-Ново
17%
ЗамбияЛусака
17%
Кабо-ВердеПрая
16%
МозамбикМапуту
16%
БрунейБандар-Сери-Бегаван
16%
Южный СуданДжуба
16%
ГабонЛибревиль
16%
НигерНиамей
16%
ВануатуПорт-Вила
16%
МавританияНуакшот
16%
ФиджиСува
15%
ГамбияБанжул
15%
Сент-Киттс и НевисБастер
15%
РуандаКигали
15%
УгандаКампала
15%
ЛиберияМонровия
14%
Кот-д'ИвуарЯмусукро
14%
ЗимбабвеХараре
14%
СуданХартум
14%
Сьерра-ЛеонеФритаун
14%
Сент-ЛюсияКастри
14%
Коморские островаМорони
13%
БурундиГитега
13%
Буркина-ФасоУагадугу
13%
Антигуа и БарбудаСент-Джонс
13%
ГренадаСент-Джорджес
13%
ЛесотоМасеру
13%
НауруЯрен
12%
ГвинеяКонакри
11%
ТувалуФунафути
11%
МалавиЛилонгве
11%
МикронезияПаликир
11%
Экваториальная ГвинеяМалабо
11%
КирибатиЮжная Тарава
11%
ЭсватиниМбабане
11%
Маршалловы островаМаджуро
11%
ТонгаНукуалофа
10%
ПалауНгерулмуд
9%
Соломоновы островаХониара
8%

Score Distribution

Percentile by Number Answered

Percent of People with Each Score

Your Score History

You have not taken this quiz since the last reset